02313nam a2200349 a 450000100100000000500170001000800410002704000250006808200170009310000300011024501530014026000460029330000200033949000150035950000540037450000250042850000630045350507430051659000260125965000410128565000580132665000280138465000310141265000460144365000280148983000220151791000420153995201300158195201150171195201200182699900170194600001365820260417183802.0091127s2005 dr r 001 0 spa d aDO-SdBNPbspacBNPHU a362.7bB333c1 aBatista, José D.91268810aCómo pasar de la adolescencia a la juventud con éxito : manual para la enseñanza de valores, derechos y deberes sociales /cJosé D. Batista. aSan Juan, Puerto Rico :bOriental,c2005. a81 p. ;c22 cm.1 aConciencia aInstrucciones para leer el libro con adolescentes aEducando para la paz aIncluye datos biográficos del autor en la contracubierta2 aDedicatoria -- Introducción. El ciudadano en formación -- Capítulo 1. Qué es la adolescencia -- Capítulo 2. La adolescencia, la transición y la protección -- Capítulo 3. La adolescencia y las relaciones -- Capítulo 4. La adolescencia y las decisiones en la vida -- Capítulo 5. La adolescencia y grupo de apoyo --Capítulo 6. El fundamento de mis derechos -- Capítulo 7. Deberes sociales, derecho natural y cultural -- Capítulo 8. La identidad, los valores y la responsbilidad social -- Capítulo 10. Los valores y los derechos -- La reciprocidad y la armonía social -- Apéndice. Documentos importantes para leer -- Recomendaciones -- Valores, los derechos y deberes universales del hombre, según la Biblia. aInventariado, 2018/BT 4aAdolescenciaxAspectos sociales9383 0aRelaciones interpersonales en la adolescencia 931083 0aValores sociales 91087 0aValores (Filosofía)9604 4aResponsabilidad en la adolescencia931084 0aEducación moral91607 0aConciencia912689 aValidado. Control de calidad. MMOLINA 001054708DSaGRbGRcHDd2009-11-27iLF1l0o362.7 B333cp13658-30r2020-06-25te. 3w2020-06-25yLFDSZPréstamo en sala 0011718PDaPDbPDcMId2009-11-27iLF1l0o362.7 B333cp13658-10r2020-06-25w2020-06-25yLFPDZNo se presta 0010718PDaPDbPDcHDd2009-11-27iLF1l0o362.7 B333cp13658-20r2020-06-25te.2w2020-06-25yLFPDZNo se presta c13272d13272